A textbook of production technology : manufacturing process (Record no. 5522)

MARC details
000 -LEADER
fixed length control field 00338nam a2200121Ia 4500
008 - FIXED-LENGTH DATA ELEMENTS--GENERAL INFORMATION
fixed length control field 150201s2012 xx 000 0 und d
082 ## - DEWEY DECIMAL CLASSIFICATION NUMBER
Classification number 671
Item number SHA
100 ## - MAIN ENTRY--PERSONAL NAME
Personal name Sharma, P. C
245 #2 - TITLE STATEMENT
Title A textbook of production technology : manufacturing process
260 ## - PUBLICATION, DISTRIBUTION, ETC. (IMPRINT)
Name of publisher, distributor, etc. S.Chand & Company Ltd.
Place of publication, distribution, etc. New Delhi
Date of publication, distribution, etc. 2012
300 ## - PHYSICAL DESCRIPTION
Extent 830p.
942 ## - ADDED ENTRY ELEMENTS (KOHA)
Source of classification or shelving scheme Dewey Decimal Classification
Koha item type Books
Holdings
Withdrawn status Lost status Source of classification or shelving scheme Damaged status Not for loan Home library Current library Date acquired SGTU Total Checkouts Full call number Barcode Date last seen Date last checked out Bill Date Koha item type
    Dewey Decimal Classification     SGT Engineering Library SGT Engineering Library 30/05/2013 SGTU 4 671 SHA FE5736 03/10/2019 17/09/2019 09/02/2015 Books
    Dewey Decimal Classification     SGT Engineering Library SGT Engineering Library 30/05/2013 SGTU   671 SHA FE5737 09/02/2015   09/02/2015 Books